000 00427nam a2200193Ia 4500
001 13439
003 GE_BSU
008 181216s||||||||xx |||||||||||||| ||und||
020 _a9781846530302
040 _cGE_BSU
080 _a82-93
245 _aDoctor-WHO:Story books 2008
260 _aLondon
260 _bPan books
260 _c2008
300 _a78p.ill.30cm.
653 _aDoctor-WHO:Story books 2008
942 _cBK
999 _c46599
_d46599